000 00578nam a2200205 i 4500
001 77872
003 ES-MaACL
005 20230906173420.0
007 t|
008 041112s1976 sp ||||1| spa d
017 _aM 40632-1975
020 _a84-379-0053-0
100 1 _aSempere, Pedro.
_9105406
245 1 0 _aSemiología del infortunio
_b: lenguaje e ideología de la fotonovela /
_cPedro Sempere.
250 _a1ª ed.
260 _a[Madrid :
_bFelmar,
_c1976]
300 _a170 p. ;
_c23 cm.
650 1 4 _aFotonovelas.
_912971
852 _aES-MaACL
_jE-10349
_bR.130972
999 _c77872
_d77872